Detalles MARC
| 001 - NÚMERO DE CONTROL |
| campo de control |
148949 |
| 005 - FECHA Y HORA DE LA ÚLTIMA TRANSACCIÓN |
| campo de control |
20260506075825.0 |
| 008 - DATOS DE LONGITUD FIJA--INFORMACIÓN GENERAL |
| campo de control de longitud fija |
971124s1972 spa |
| 020 ## - NÚMERO INTERNACIONAL ESTÁNDAR DEL LIBRO |
| Número Internacional Estándar del Libro |
843451074X |
| 035 ## - NÚMERO DE CONTROL DEL SISTEMA |
| Número de control de sistema |
148949 |
| 035 ## - NÚMERO DE CONTROL DEL SISTEMA |
| Número de control de sistema |
(OCoLC)318367407 |
| 040 ## - FUENTE DE LA CATALOGACIÓN |
| Centro/agencia transcriptor |
comduadb |
| 041 ## - CÓDIGO DE LENGUA |
| Código de lengua del texto/banda sonora o título independiente |
spa |
| 080 ## - NÚMERO DE LA CLASIFICACIÓN DECIMAL UNIVERSAL |
| Número de la Clasificación Decimal Universal |
WZ |
| 100 #0 - ENTRADA PRINCIPAL--NOMBRE DE PERSONA |
| Nombre de persona |
Laín Entralgo, Pedro, |
| Fechas asociadas al nombre |
1908-2001 |
| Código de función |
aut |
| Número de control del registro de autoridad o número normalizado |
(isni)0000 0001 0931 133X |
| -- |
(viaf)108328947 |
| Término indicativo de función/relación |
Autor/a |
| 9 (RLIN) |
316407 |
| 245 10 - MENCIÓN DE TÍTULO |
| Título |
Historia universal de la medicina. Volumen 1 |
| 260 ## - PUBLICACIÓN, DISTRIBUCIÓN, ETC. |
| Lugar de publicación, distribución, etc. |
Barcelona : |
| Nombre del editor, distribuidor, etc. |
Salvat, |
| Fecha de publicación, distribución, etc. |
1972. |
| 300 ## - DESCRIPCIÓN FÍSICA |
| Extensión |
7 volúmenes |
| 505 80 - NOTA DE CONTENIDO CON FORMATO |
| Título |
Era Pretecnica : v1 |
| 505 80 - NOTA DE CONTENIDO CON FORMATO |
| Título |
Antiguedad clasica : v2 |
| 505 80 - NOTA DE CONTENIDO CON FORMATO |
| Título |
Edad Media : v3 |
| 505 80 - NOTA DE CONTENIDO CON FORMATO |
| Título |
Medicina moderna : v4 |
| 505 80 - NOTA DE CONTENIDO CON FORMATO |
| Título |
Medicina actual : v7 |
| 505 80 - NOTA DE CONTENIDO CON FORMATO |
| Título |
Positivismo : v6 |
| 650 #7 - PUNTO DE ACCESO ADICIONAL DE MATERIA--TÉRMINO DE MATERIA |
| Término de materia o nombre geográfico como elemento de entrada |
Historia de la medicina |
| Fuente del encabezamiento o término |
dcs |
| 9 (RLIN) |
41077 |
| 650 ## - PUNTO DE ACCESO ADICIONAL DE MATERIA--TÉRMINO DE MATERIA |
| Término de materia o nombre geográfico como elemento de entrada |
Cultura islamica |
| 9 (RLIN) |
94355 |
| 650 #7 - PUNTO DE ACCESO ADICIONAL DE MATERIA--TÉRMINO DE MATERIA |
| Término de materia o nombre geográfico como elemento de entrada |
Edad Media |
| Fuente del encabezamiento o término |
lemb |
| 9 (RLIN) |
468 |
| 650 ## - PUNTO DE ACCESO ADICIONAL DE MATERIA--TÉRMINO DE MATERIA |
| Término de materia o nombre geográfico como elemento de entrada |
Medicina primitiva |
| 9 (RLIN) |
5038 |
| 650 ## - PUNTO DE ACCESO ADICIONAL DE MATERIA--TÉRMINO DE MATERIA |
| Término de materia o nombre geográfico como elemento de entrada |
Medicina árabe |
| 9 (RLIN) |
33391 |
| 650 #7 - PUNTO DE ACCESO ADICIONAL DE MATERIA--TÉRMINO DE MATERIA |
| Término de materia o nombre geográfico como elemento de entrada |
Anatomía |
| Fuente del encabezamiento o término |
dcs |
| 9 (RLIN) |
4276 |
| 650 #7 - PUNTO DE ACCESO ADICIONAL DE MATERIA--TÉRMINO DE MATERIA |
| Término de materia o nombre geográfico como elemento de entrada |
Hospitales |
| Fuente del encabezamiento o término |
embne |
| 9 (RLIN) |
10137 |
| 650 ## - PUNTO DE ACCESO ADICIONAL DE MATERIA--TÉRMINO DE MATERIA |
| Término de materia o nombre geográfico como elemento de entrada |
Paleopatología |
| 9 (RLIN) |
12241 |
| 650 ## - PUNTO DE ACCESO ADICIONAL DE MATERIA--TÉRMINO DE MATERIA |
| Término de materia o nombre geográfico como elemento de entrada |
Presocráticos |
| 9 (RLIN) |
31946 |
| 650 ## - PUNTO DE ACCESO ADICIONAL DE MATERIA--TÉRMINO DE MATERIA |
| Término de materia o nombre geográfico como elemento de entrada |
Morfología (Biología) |
| 9 (RLIN) |
54291 |
| 650 ## - PUNTO DE ACCESO ADICIONAL DE MATERIA--TÉRMINO DE MATERIA |
| Término de materia o nombre geográfico como elemento de entrada |
Paracelso |
| 9 (RLIN) |
25052 |
| 650 #7 - PUNTO DE ACCESO ADICIONAL DE MATERIA--TÉRMINO DE MATERIA |
| Término de materia o nombre geográfico como elemento de entrada |
Renacimiento |
| Subdivisión general |
Historia |
| Fuente del encabezamiento o término |
lemb |
| 9 (RLIN) |
49977 |
| 650 ## - PUNTO DE ACCESO ADICIONAL DE MATERIA--TÉRMINO DE MATERIA |
| Término de materia o nombre geográfico como elemento de entrada |
Clínicas |
| 9 (RLIN) |
16260 |
| 650 #7 - PUNTO DE ACCESO ADICIONAL DE MATERIA--TÉRMINO DE MATERIA |
| Término de materia o nombre geográfico como elemento de entrada |
Ilustración |
| Fuente del encabezamiento o término |
lemb |
| 9 (RLIN) |
223 |
| 650 #7 - PUNTO DE ACCESO ADICIONAL DE MATERIA--TÉRMINO DE MATERIA |
| Término de materia o nombre geográfico como elemento de entrada |
Patología |
| Fuente del encabezamiento o término |
dcs |
| 9 (RLIN) |
13533 |
| 650 #7 - PUNTO DE ACCESO ADICIONAL DE MATERIA--TÉRMINO DE MATERIA |
| Término de materia o nombre geográfico como elemento de entrada |
Fisiología |
| Fuente del encabezamiento o término |
dcs |
| 9 (RLIN) |
31477 |
| 650 #7 - PUNTO DE ACCESO ADICIONAL DE MATERIA--TÉRMINO DE MATERIA |
| Término de materia o nombre geográfico como elemento de entrada |
Positivismo |
| Fuente del encabezamiento o término |
armarc |
| 9 (RLIN) |
285 |
| 650 #7 - PUNTO DE ACCESO ADICIONAL DE MATERIA--TÉRMINO DE MATERIA |
| Término de materia o nombre geográfico como elemento de entrada |
Citología |
| Fuente del encabezamiento o término |
dcs |
| 9 (RLIN) |
175765 |
| 650 #7 - PUNTO DE ACCESO ADICIONAL DE MATERIA--TÉRMINO DE MATERIA |
| Término de materia o nombre geográfico como elemento de entrada |
Embriología |
| Fuente del encabezamiento o término |
dcs |
| 9 (RLIN) |
2287 |
| 650 ## - PUNTO DE ACCESO ADICIONAL DE MATERIA--TÉRMINO DE MATERIA |
| Término de materia o nombre geográfico como elemento de entrada |
Morfología |
| 9 (RLIN) |
177786 |
| 650 #7 - PUNTO DE ACCESO ADICIONAL DE MATERIA--TÉRMINO DE MATERIA |
| Término de materia o nombre geográfico como elemento de entrada |
Historia antigua |
| Fuente del encabezamiento o término |
lemb |
| 9 (RLIN) |
2781 |
| 942 ## - ELEMENTOS DE ENTRADA AGREGADA (KOHA) |
| Tipo de ítem Koha |
Libros |